The handbook of student affairs administration / (Record no. 19259)
[ view plain ]
| 000 -LEADER | |
|---|---|
| fixed length control field | 00726nam a22001817a 4500 |
| 008 - FIXED-LENGTH DATA ELEMENTS--GENERAL INFORMATION | |
| fixed length control field | 240221b ||||| |||| 00| 0 eng d |
| 020 ## - INTERNATIONAL STANDARD BOOK NUMBER | |
| International Standard Book Number | 9781119691976 |
| 082 ## - DEWEY DECIMAL CLASSIFICATION NUMBER | |
| Classification number | DC 378.1940973 |
| Item number | H191 2023 |
| 245 ## - TITLE STATEMENT | |
| Title | The handbook of student affairs administration / |
| Statement of responsibility, etc. | edited by George S. McClellan, Judy Marquez Kiyama. |
| 250 ## - EDITION STATEMENT | |
| Edition statement | Fifth edition. |
| 260 ## - PUBLICATION, DISTRIBUTION, ETC. (IMPRINT) | |
| Place of publication, distribution, etc. | Hoboken, NJ : |
| Name of publisher, distributor, etc. | Jossey-Bass, |
| Date of publication, distribution, etc. | ©2023. |
| 300 ## - PHYSICAL DESCRIPTION | |
| Extent | xxiv, 644 pages ; |
| Dimensions | 25 cm. |
| 500 ## - GENERAL NOTE | |
| General note | Includes index.<br/> |
| 650 ## - SUBJECT ADDED ENTRY--TOPICAL TERM | |
| Topical term or geographic name as entry element | Student affairs services |
| Geographic subdivision | United States |
| Form subdivision | Handbooks, manuals, etc. |
| 9 (RLIN) | 52891 |
| 650 ## - SUBJECT ADDED ENTRY--TOPICAL TERM | |
| Topical term or geographic name as entry element | Student activities |
| Geographic subdivision | United States |
| General subdivision | Management |
| Form subdivision | Handbooks, manuals, etc. |
| 9 (RLIN) | 52892 |
| 700 ## - ADDED ENTRY--PERSONAL NAME | |
| Personal name | Kiyama, Judy Marquez |
| Relator term | editor. |
| 9 (RLIN) | 52893 |
| 942 ## - ADDED ENTRY ELEMENTS (KOHA) | |
| Source of classification or shelving scheme | Dewey Decimal Classification |
| Koha item type | Circulation |
| Withdrawn status | Lost status | Source of classification or shelving scheme | Damaged status | Not for loan | Collection code | Home library | Current library | Date acquired | Source of acquisition | Cost, normal purchase price | Total Checkouts | Full call number | Barcode | Date last seen | Price effective from | Koha item type |
|---|---|---|---|---|---|---|---|---|---|---|---|---|---|---|---|---|
| Dewey Decimal Classification | Circulation | UM Digos College - LIC | UM Digos College - LIC | 07/19/2023 | Purchased | 8878.00 | DC 378.1940973 H191 2023 | 27814 | 05/15/2025 | 02/21/2024 | Circulation |
